[Event "Gibtelecom Masters 2nd"]
[Site "Gibraltar"]
[Date "2004.01.30"]
[Round "4.25"]
[White "Vinas Guerrero, Carlos A"]
[Black "Al Sayed, Mohamad Naser"]
[Result "0-1"]
[WhiteElo "2098"]
[BlackElo "2446"]
[PlyCount "115"]
[EventDate "2004.01.27"]
[EventType "swiss"]
[EventRounds "10"]
[EventCountry "GGB"]
[SourceTitle "BritBase"]
[Source "www.saund.co.uk"]
[SourceDate "2018.02.10"]
[SourceVersion "1"]
[SourceVersionDate "2018.02.10"]
[SourceQuality "1"]

1. e4 c5 2. Nc3 Nc6 3. f4 g6 4. Nf3 Bg7 5. Bc4 e6 6. f5 Nge7 7. fxe6 fxe6 8.
O-O d5 9. exd5 exd5 10. Bb3 c4 11. Ba4 O-O 12. d3 Bxc3 13. bxc3 b5 14. Bxb5
Qb6+ 15. d4 Qxb5 16. Bh6 Re8 17. Qd2 Nf5 18. g4 Nxh6 19. Qxh6 Qb7 20. Ng5 Qg7
21. Qh4 Re7 22. Rae1 Rxe1 23. Qxe1 Bxg4 24. Rf7 Qxf7 25. Nxf7 Kxf7 26. Qg3 Bf5
27. Qc7+ Ne7 28. Qb7 Rc8 29. Qxa7 Rc6 30. a4 g5 31. a5 h5 32. Kf2 h4 33. Qb8
Ra6 34. Qb5 Bc8 35. Qc5 Rf6+ 36. Ke1 Rc6 37. Qb5 g4 38. Qb8 Ra6 39. Qc7 Rg6 40.
Qf4+ Ke8 41. Kf2 Ra6 42. Qe5 h3 43. Qc7 Rf6+ 44. Kg1 Rc6 45. Qf4 Kd8 46. Qb8
Ra6 47. Qb5 Kc7 48. Qc5+ Kd7 49. Qb5+ Kd6 50. Qb8+ Ke6 51. Qc7 Kf7 52. Qc5 g3
53. hxg3 Re6 54. Qc7 Re1+ 55. Kh2 Re2+ 56. Kh1 Bf5 57. Qf4 Ke6 58. a6 0-1

[Event "Gibtelecom Masters 2nd"]
[Site "Gibraltar"]
[Date "2004.01.30"]
[Round "4.28"]
[White "Beshukov, Sergei"]
[Black "Eliassen, Erik"]
[Result "1-0"]
[WhiteElo "2499"]
[BlackElo "1956"]
[PlyCount "43"]
[EventDate "2004.01.27"]
[EventType "swiss"]
[EventRounds "10"]
[EventCountry "GGB"]
[SourceTitle "BritBase"]
[Source "www.saund.co.uk"]
[SourceDate "2018.02.10"]
[SourceVersion "1"]
[SourceVersionDate "2018.02.10"]
[SourceQuality "1"]

1. e4 c5 2. Nf3 d6 3. d4 cxd4 4. Nxd4 Nf6 5. Nc3 g6 6. Be3 Bg7 7. f3 O-O 8. Qd2
Nc6 9. Bc4 Bd7 10. O-O-O Ne5 11. Bb3 Qa5 12. Kb1 Rfc8 13. h4 Nc4 14. Bxc4 Rxc4
15. Nb3 Qc7 16. h5 Rxc3 17. bxc3 Nxh5 18. Bd4 Re8 19. Bxg7 Nxg7 20. Qh6 Nh5 21.
Rd3 Bb5 22. Rxh5 1-0

[Event "Gibtelecom Masters 2nd"]
[Site "Gibraltar"]
[Date "2004.01.30"]
[Round "4.29"]
[White "Vasilevich, Tatjana"]
[Black "Rios Gonzalez, Jose Antonio"]
[Result "1-0"]
[WhiteElo "2393"]
[BlackElo "1883"]
[PlyCount "41"]
[EventDate "2004.01.27"]
[EventType "swiss"]
[EventRounds "10"]
[EventCountry "GGB"]
[SourceTitle "BritBase"]
[Source "www.saund.co.uk"]
[SourceDate "2018.02.10"]
[SourceVersion "1"]
[SourceVersionDate "2018.02.10"]
[SourceQuality "1"]

1. d4 Nf6 2. c4 g6 3. Nc3 Bg7 4. e4 d6 5. Nf3 O-O 6. Be2 e5 7. O-O Nc6 8. d5
Ne7 9. b4 a5 10. bxa5 Rxa5 11. a4 b6 12. Ba3 Ne8 13. Qb3 f5 14. Bb4 Ra8 15. a5
bxa5 16. Rxa5 Rxa5 17. Bxa5 Qd7 18. Ng5 c5 19. Ne6 Rf7 20. Qb6 h6 21. Bd1 1-0

[Event "Gibtelecom Masters 2nd"]
[Site "Gibraltar"]
[Date "2004.01.30"]
[Round "4.30"]
[White "Vea, Odin Blikra"]
[Black "Muir, Andrew J"]
[Result "0-1"]
[WhiteElo "2053"]
[BlackElo "2303"]
[PlyCount "78"]
[EventDate "2004.01.27"]
[EventType "swiss"]
[EventRounds "10"]
[EventCountry "GGB"]
[SourceTitle "BritBase"]
[Source "www.saund.co.uk"]
[SourceDate "2018.02.10"]
[SourceVersion "1"]
[SourceVersionDate "2018.02.10"]
[SourceQuality "1"]

1. e4 c5 2. Nc3 Nc6 3. f4 e6 4. Nf3 d5 5. d3 Nf6 6. e5 Nd7 7. g3 b5 8. Bg2 b4
9. Ne2 Rb8 10. O-O Be7 11. a3 a5 12. axb4 axb4 13. c4 bxc3 14. bxc3 O-O 15. Ba3
Ba6 16. Qc2 Qc7 17. Rfb1 Rxb1+ 18. Rxb1 Bxd3 19. Qxd3 c4 20. Qc2 Bxa3 21. Qa4
Bc5+ 22. Kf1 h6 23. Bh3 Bb6 24. Qa6 Rb8 25. Qa2 Nc5 26. Ned4 Nxd4 27. Nxd4 Nb3
28. Nxb3 cxb3 29. Qxb3 Ba7 30. Qc2 Rxb1+ 31. Qxb1 Qxc3 32. Kg2 d4 33. Bg4 d3
34. Qb5 Qc2+ 35. Kh3 Bg1 36. Bf3 Qxh2+ 37. Kg4 h5+ 38. Kg5 Qxg3+ 39. Kxh5 g6+
0-1

[Event "Gibtelecom Masters 2nd"]
[Site "Gibraltar"]
[Date "2004.01.30"]
[Round "4.31"]
[White "Agdestein, Emil"]
[Black "Nadig, Kruttika"]
[Result "0-1"]
[WhiteElo "1999"]
[BlackElo "2159"]
[PlyCount "56"]
[EventDate "2004.01.27"]
[EventType "swiss"]
[EventRounds "10"]
[EventCountry "GGB"]
[SourceTitle "BritBase"]
[Source "www.saund.co.uk"]
[SourceDate "2018.02.10"]
[SourceVersion "1"]
[SourceVersionDate "2018.02.10"]
[SourceQuality "1"]

1. e4 e5 2. Nf3 Nc6 3. d4 exd4 4. Bc4 Nf6 5. e5 d5 6. Bb5 Ne4 7. Nxd4 Bd7 8.
Bxc6 bxc6 9. O-O Bc5 10. Be3 Bb6 11. f3 Ng5 12. f4 Ne4 13. Nd2 Nxd2 14. Qxd2 c5
15. Nb3 d4 16. Bf2 Bb5 17. Rfe1 Qd5 18. c3 Bc6 19. Bg3 d3 20. e6 c4+ 21. Nd4 f6
22. Qf2 O-O 23. Rad1 Rfe8 24. f5 Re7 25. b3 Rd8 26. Rd2 Bb7 27. bxc4 Qxc4 28.
Bf4 Qxc3 0-1

[Event "Gibtelecom Masters 2nd"]
[Site "Gibraltar"]
[Date "2004.01.30"]
[Round "4.35"]
[White "Amaya Gonzalez, M."]
[Black "Hagesaether, Arne"]
[Result "0-1"]
[WhiteElo "1920"]
[BlackElo "2058"]
[PlyCount "78"]
[EventDate "2004.01.27"]
[EventType "swiss"]
[EventRounds "10"]
[EventCountry "GGB"]
[SourceTitle "BritBase"]
[Source "www.saund.co.uk"]
[SourceDate "2018.02.10"]
[SourceVersion "1"]
[SourceVersionDate "2018.02.10"]
[SourceQuality "1"]

1. e4 c6 2. Nc3 d5 3. Nf3 dxe4 4. Nxe4 Nd7 5. Qe2 Ndf6 6. Ng3 Bg4 7. h3 Bxf3 8.
Qxf3 e6 9. Bc4 Bd6 10. d3 Ne7 11. O-O Ng6 12. Bd2 Ne5 13. Qe2 Qc7 14. Bb3 O-O
15. Ne4 Nxe4 16. Qxe4 Nd7 17. Bc3 Nf6 18. Bxf6 gxf6 19. Qh4 Qe7 20. c3 Kh8 21.
Bc2 Rg8 22. Rae1 Rg7 23. d4 Rag8 24. Kh1 Qd8 25. g4 Be7 26. Qh6 Qd5+ 27. Be4
Qxa2 28. Re2 Qa5 29. Qf4 Qd8 30. Rd1 Bd6 31. Qh6 Bf8 32. Qh4 Be7 33. Qh6 Qd6
34. Qe3 Bd8 35. c4 Bc7 36. f3 Qg3 37. Qh6 f5 38. Rg1 Qd6 39. c5 Qxd4 0-1

[Event "Gibtelecom Masters 2nd"]
[Site "Gibraltar"]
[Date "2004.01.30"]
[Round "4.40"]
[White "Cardenas Romo, Alejandro"]
[Black "Reuben, Stewart"]
[Result "0-1"]
[WhiteElo "1911"]
[BlackElo "2156"]
[PlyCount "114"]
[EventDate "2004.01.27"]
[EventType "swiss"]
[EventRounds "10"]
[EventCountry "GGB"]
[SourceTitle "BritBase"]
[Source "www.saund.co.uk"]
[SourceDate "2018.02.10"]
[SourceVersion "1"]
[SourceVersionDate "2018.02.10"]
[SourceQuality "1"]

1. e4 c5 2. Nc3 Nc6 3. f4 g6 4. Nf3 Bg7 5. Bb5 Nd4 6. O-O Nxb5 7. Nxb5 a6 8.
Nc3 d6 9. d3 Nf6 10. a4 O-O 11. Qe1 Bd7 12. Qh4 b5 13. a5 b4 14. Nd1 Bb5 15. e5
dxe5 16. fxe5 Nd5 17. Bh6 f6 18. Nf2 Qc7 19. Ng4 c4 20. Bxg7 Kxg7 21. Nd4 Qc5
22. Nf2 Bd7 23. dxc4 Ne3 24. e6 Bc6 25. Nb3 Qxc4 26. Qxc4 Nxc4 27. Nd3 Rab8 28.
Rf4 Ne3 29. Nxb4 Rxb4 30. Rxb4 Nxc2 31. Rb6 Nxa1 32. Nxa1 Bb5 33. Rb7 Re8 34.
Nb3 f5 35. Nd4 Bd3 36. b4 Kf6 37. b5 Bxb5 38. Nxb5 axb5 39. Rxb5 Ra8 40. Kf2
Kxe6 41. Rb6+ Kd5 42. a6 e5 43. Rb5+ Kd4 44. Rb6 Kc5 45. Re6 e4 46. Re5+ Kb6
47. Re6+ Kb5 48. Re7 Rxa6 49. Rxh7 Kc4 50. Rc7+ Kd4 51. Rd7+ Ke5 52. Rg7 Kf4
53. h3 Ra2+ 54. Kg1 g5 55. g3+ Kxg3 56. Rxg5+ Kf4 57. Rg8 Kf3 0-1

[Event "Gibtelecom Masters 2nd"]
[Site "Gibraltar"]
[Date "2004.01.31"]
[Round "5.1"]
[White "Ganguly, Surya Shekhar"]
[Black "Barua, Dibyendu"]
[Result "1-0"]
[WhiteElo "2541"]
[BlackElo "2549"]
[PlyCount "83"]
[EventDate "2004.01.27"]
[EventType "swiss"]
[EventRounds "10"]
[EventCountry "GGB"]
[SourceTitle "BritBase"]
[Source "www.saund.co.uk"]
[SourceDate "2018.02.10"]
[SourceVersion "1"]
[SourceVersionDate "2018.02.10"]
[SourceQuality "1"]

1. e4 e6 2. d4 d5 3. Nc3 Bb4 4. e5 c5 5. dxc5 d4 6. a3 Ba5 7. b4 dxc3 8. bxa5
Qxd1+ 9. Kxd1 Ne7 10. Bb5+ Bd7 11. Rb1 Bxb5 12. Rxb5 Nbc6 13. Bg5 a6 14. Rb3
Nd5 15. Rxb7 h6 16. Bc1 Nxe5 17. Ke2 Nc6 18. Nf3 Nxa5 19. Rb1 Nc6 20. Rd1 O-O-O
21. Nd4 Kc7 22. Be3 Rb8 23. Nxc6 Kxc6 24. Kd3 Rhd8 25. Rxb8 Rxb8 26. Bd4 Rd8
27. Rb1 f6 28. Kc4 Rc8 29. Rb3 h5 30. Bxc3 h4 31. Ba5 Rh8 32. Rb1 Rh5 33. Rb8
Rf5 34. Rc8+ Kd7 35. Ra8 Rxf2 36. Ra7+ Ke8 37. Kb3 Rxg2 38. c6 Ne7 39. Ra8+ Kf7
40. c7 Rg5 41. Bb4 Rb5 42. Rf8+ 1-0

[Event "Gibtelecom Masters 2nd"]
[Site "Gibraltar"]
[Date "2004.01.31"]
[Round "5.2"]
[White "Kuzmin, Alexey"]
[Black "Sandipan, Chanda"]
[Result "0-1"]
[WhiteElo "2570"]
[BlackElo "2524"]
[PlyCount "86"]
[EventDate "2004.01.27"]
[EventType "swiss"]
[EventRounds "10"]
[EventCountry "GGB"]
[SourceTitle "BritBase"]
[Source "www.saund.co.uk"]
[SourceDate "2018.02.10"]
[SourceVersion "1"]
[SourceVersionDate "2018.02.10"]
[SourceQuality "1"]

1. d4 Nf6 2. c4 g6 3. Nc3 Bg7 4. e4 d6 5. f3 O-O 6. Be3 c5 7. Nge2 Nc6 8. d5
Ne5 9. Ng3 e6 10. Be2 exd5 11. cxd5 a6 12. a4 h5 13. O-O Nh7 14. Qd2 h4 15. Nh1
f5 16. Nf2 Bd7 17. exf5 gxf5 18. Bh6 Qf6 19. Bxg7 Qxg7 20. f4 Ng4 21. Nxg4 fxg4
22. Ne4 Qg6 23. Ng5 Nxg5 24. fxg5 Qe4 25. Rfe1 Qf4 26. Qxf4 Rxf4 27. Bd3 Re8
28. b3 Rd4 29. Bf1 Kf8 30. Red1 Rxd1 31. Rxd1 Re5 32. a5 Kg7 33. b4 cxb4 34.
Rb1 Rxd5 35. Rxb4 Bc8 36. Rc4 Bf5 37. Rc7+ Kg6 38. Rxb7 Rxa5 39. Rb6 Rd5 40.
Rxa6 Rd1 41. Ra3 Kxg5 42. Kf2 d5 43. Ra8 g3+ 0-1

[Event "Gibtelecom Masters 2nd"]
[Site "Gibraltar"]
[Date "2004.01.31"]
[Round "5.3"]
[White "Motwani, Paul"]
[Black "Short, Nigel D"]
[Result "0-1"]
[WhiteElo "2537"]
[BlackElo "2702"]
[PlyCount "102"]
[EventDate "2004.01.27"]
[EventType "swiss"]
[EventRounds "10"]
[EventCountry "GGB"]
[SourceTitle "BritBase"]
[Source "www.saund.co.uk"]
[SourceDate "2018.02.10"]
[SourceVersion "1"]
[SourceVersionDate "2018.02.10"]
[SourceQuality "1"]

1. e4 e5 2. Nf3 Nc6 3. Bc4 Bc5 4. c3 Nf6 5. d3 a6 6. Bb3 Ba7 7. O-O O-O 8. Be3
d6 9. Nbd2 Ne7 10. Nh4 Bxe3 11. fxe3 Kh8 12. h3 Neg8 13. a4 g6 14. Nhf3 Qe7 15.
a5 Nh5 16. Rf2 Ng7 17. Bc4 Be6 18. Qb3 Rab8 19. d4 f6 20. Ra4 Bxc4 21. Rxc4 c6
22. Rb4 Qc7 23. Nc4 Rfe8 24. Rd2 exd4 25. Rxd4 c5 26. Nxd6 Re6 27. Rxb7 Rxb7
28. Qxb7 Qxb7 29. Nxb7 cxd4 30. exd4 Rxe4 31. Nc5 Re2 32. b4 Ne7 33. Nxa6 Nd5
34. b5 Nxc3 35. b6 Rb2 36. Nc5 Ne8 37. b7 Nc7 38. Nd2 Ne2+ 39. Kh2 Nxd4 40. Nc4
Rb4 41. Nd6 Nc6 42. a6 h5 43. Kg3 Rb6 44. Nc4 Nxa6 45. Nxb6 Nxc5 46. Nd5 Kg7
47. Nb4 Nb8 48. Kf4 Nxb7 49. g4 Nd6 50. gxh5 gxh5 51. Nd5 Nd7 0-1

[Event "Gibtelecom Masters 2nd"]
[Site "Gibraltar"]
[Date "2004.01.31"]
[Round "5.5"]
[White "Inarkiev, Ernesto"]
[Black "Kunte, Abhijit"]
[Result "1/2-1/2"]
[WhiteElo "2606"]
[BlackElo "2512"]
[PlyCount "65"]
[EventDate "2004.01.27"]
[EventType "swiss"]
[EventRounds "10"]
[EventCountry "GGB"]
[SourceTitle "BritBase"]
[Source "www.saund.co.uk"]
[SourceDate "2018.02.10"]
[SourceVersion "1"]
[SourceVersionDate "2018.02.10"]
[SourceQuality "1"]

1. Nf3 Nf6 2. b3 d5 3. Bb2 e6 4. e3 Be7 5. d4 O-O 6. Bd3 c5 7. Nbd2 b6 8. Ne5
Bb7 9. Qf3 Nbd7 10. O-O Rc8 11. a3 h6 12. Rfd1 Qc7 13. Qh3 Nxe5 14. dxe5 Ne4
15. Bxe4 dxe4 16. Qg4 Qc6 17. Nc4 Rcd8 18. Nd6 g6 19. h4 Kh7 20. h5 g5 21. Kh1
b5 22. a4 b4 23. Rd2 Rd7 24. Nxe4 Rxd2 25. Nxd2 Rd8 26. Nc4 Qe4 27. Qxe4+ Bxe4
28. Re1 g4 29. Kh2 Bd5 30. Rd1 Be4 31. Rc1 Bd5 32. Rd1 Be4 33. Rc1 1/2-1/2

[Event "Gibtelecom Masters 2nd"]
[Site "Gibraltar"]
[Date "2004.01.31"]
[Round "5.8"]
[White "Sulskis, Sarunas"]
[Black "Tissir, Mohamed"]
[Result "1-0"]
[WhiteElo "2582"]
[BlackElo "2436"]
[PlyCount "65"]
[EventDate "2004.01.27"]
[EventType "swiss"]
[EventRounds "10"]
[EventCountry "GGB"]
[SourceTitle "BritBase"]
[Source "www.saund.co.uk"]
[SourceDate "2018.02.10"]
[SourceVersion "1"]
[SourceVersionDate "2018.02.10"]
[SourceQuality "1"]

1. e4 c5 2. Nf3 e6 3. d4 cxd4 4. Nxd4 a6 5. Bd3 Bc5 6. c3 Qc7 7. O-O Nf6 8. Bg5
Nc6 9. Nxc6 dxc6 10. Nd2 h5 11. Bxf6 gxf6 12. Qf3 Be7 13. a4 b6 14. b4 Bb7 15.
Rfd1 h4 16. Rab1 Rg8 17. Nf1 Qe5 18. Ne3 Qxc3 19. Nc4 Rd8 20. Nxb6 Rg5 21. a5
Qe5 22. Bc2 Rd4 23. Rxd4 Qxd4 24. Rd1 Qxb4 25. Qd3 Kf8 26. Nd7+ Kg7 27. Rb1
Qxa5 28. e5 f5 29. Rxb7 h3 30. g3 Qe1+ 31. Qf1 Qd2 32. Qd1 Qc3 33. Rb3 1-0

[Event "Gibtelecom Masters 2nd"]
[Site "Gibraltar"]
[Date "2004.01.31"]
[Round "5.9"]
[White "Hebden, Mark"]
[Black "Seel, Christian"]
[Result "1-0"]
[WhiteElo "2549"]
[BlackElo "2380"]
[PlyCount "102"]
[EventDate "2004.01.27"]
[EventType "swiss"]
[EventRounds "10"]
[EventCountry "GGB"]
[SourceTitle "BritBase"]
[Source "www.saund.co.uk"]
[SourceDate "2018.02.10"]
[SourceVersion "1"]
[SourceVersionDate "2018.02.10"]
[SourceQuality "1"]

1. d4 Nf6 2. Nf3 d5 3. c4 c6 4. e3 Bf5 5. cxd5 cxd5 6. Qb3 Qc7 7. Bb5+ Nc6 8.
Bd2 e6 9. O-O Bd6 10. Bb4 O-O 11. Bxc6 bxc6 12. Nbd2 Nd7 13. Rfc1 Rfc8 14. Qa3
Bxb4 15. Qxb4 c5 16. dxc5 Nxc5 17. Nd4 Bg6 18. N2b3 Nd3 19. Rxc7 Nxb4 20. Rac1
Rxc7 21. Rxc7 Nxa2 22. Nc6 a6 23. Nc5 h5 24. Ne5 Kh7 25. h4 Rb8 26. Nxf7 Bxf7
27. Rxf7 Rxb2 28. Nxe6 Kg6 29. Rd7 Nc3 30. Nf4+ Kf5 31. Rxg7 d4 32. Rf7+ Ke4
33. exd4 a5 34. Nxh5 a4 35. Ng3+ Kd3 36. Ra7 Rb3 37. d5 a3 38. d6 a2 39. d7 Rb8
40. Nh5 Ke4 41. Ra5 Kd4 42. Nf6 Kc4 43. g4 Kb3 44. Rxa2 Kxa2 45. g5 Ne2+ 46.
Kg2 Kb3 47. Kf3 Nd4+ 48. Ke4 Kc4 49. g6 Ne6 50. h5 Kc5 51. Ke5 Nd4 1-0

[Event "Gibtelecom Masters 2nd"]
[Site "Gibraltar"]
[Date "2004.01.31"]
[Round "5.11"]
[White "Ward, Chris"]
[Black "Bakre, Tejas"]
[Result "0-1"]
[WhiteElo "2522"]
[BlackElo "2446"]
[PlyCount "44"]
[EventDate "2004.01.27"]
[EventType "swiss"]
[EventRounds "10"]
[EventCountry "GGB"]
[SourceTitle "BritBase"]
[Source "www.saund.co.uk"]
[SourceDate "2018.02.10"]
[SourceVersion "1"]
[SourceVersionDate "2018.02.10"]
[SourceQuality "1"]

1. d4 Nf6 2. c4 e6 3. Nf3 b6 4. Nc3 Bb7 5. Bg5 Be7 6. Qc2 d5 7. Bxf6 Bxf6 8.
cxd5 exd5 9. e3 O-O 10. O-O-O c5 11. dxc5 Bxc3 12. Qxc3 Nd7 13. c6 Bxc6 14. Kb1
Nc5 15. Bd3 Qe8 16. Qe5 d4 17. Qf5 Nxd3 18. Ng5 g6 19. Qh3 h5 20. Rxd3 f6 21.
Rxd4 fxg5 22. Rc1 Rc8 0-1

[Event "Gibtelecom Masters 2nd"]
[Site "Gibraltar"]
[Date "2004.01.31"]
[Round "5.13"]
[White "Vijayalakshmi, Subbaraman"]
[Black "Vuckovic, Bojan"]
[Result "1/2-1/2"]
[WhiteElo "2444"]
[BlackElo "2511"]
[PlyCount "218"]
[EventDate "2004.01.27"]
[EventType "swiss"]
[EventRounds "10"]
[EventCountry "GGB"]
[SourceTitle "BritBase"]
[Source "www.saund.co.uk"]
[SourceDate "2018.02.10"]
[SourceVersion "1"]
[SourceVersionDate "2018.02.10"]
[SourceQuality "1"]

1. e4 c5 2. Nf3 d6 3. Bb5+ Nc6 4. O-O Bd7 5. Re1 Nf6 6. c3 a6 7. Bxc6 Bxc6 8.
e5 dxe5 9. Nxe5 Rc8 10. Na3 e6 11. Nc2 Be7 12. Nxc6 Rxc6 13. d4 Qc7 14. Qf3 O-O
15. Bg5 h6 16. Bxf6 Bxf6 17. dxc5 Rxc5 18. Ne3 Rb5 19. Qe2 Rc8 20. Rad1 Bg5 21.
Rd3 Qa5 22. a3 Qb6 23. b4 Re5 24. c4 Rxc4 25. Nxc4 Rxe2 26. Rxe2 Qc6 27. Nb2
Bc1 28. Rd1 Qc3 29. Rd3 Qc6 30. Rd1 a5 31. bxa5 Qc3 32. Nd3 Bxa3 33. Ra2 Be7
34. g3 Bf6 35. Nf4 Qb3 36. Rad2 Bg5 37. Rd3 Qa4 38. Rb1 Bxf4 39. gxf4 Qxa5 40.
Rd4 h5 41. Rdb4 Qf5 42. R1b3 b5 43. Kg2 Kf8 44. h3 g6 45. Kg3 Kg7 46. Re3 Qc5
47. Reb3 h4+ 48. Kg2 Qd5+ 49. Kg1 Qh5 50. Kg2 Kf8 51. Re3 Qd5+ 52. Kg1 Ke7 53.
Reb3 Qd1+ 54. Kg2 Qd5+ 55. Kg1 Qf5 56. Kg2 Kd6 57. Rxb5 Qxf4 58. Rb6+ Kd7 59.
Rb7+ Kc8 60. R7b4 Qg5+ 61. Kf1 Qc1+ 62. Kg2 Qc6+ 63. Kg1 Qc1+ 64. Kg2 Qc6+ 65.
Kg1 g5 66. Rd3 Qc1+ 67. Kg2 Qc6+ 68. Kg1 Qc1+ 69. Kg2 e5 70. Rbb3 Qc6+ 71. Kh2
Qe6 72. Rbc3+ Kb7 73. Rd2 Qb6 74. Ra2 Qb4 75. Rcc2 Qf4+ 76. Kg1 g4 77. Rab2+
Ka7 78. Rc3 Qa4 79. Rbb3 Qa1+ 80. Kg2 gxh3+ 81. Rxh3 Qd4 82. Rhf3 f5 83. Kh2 e4
84. Rxf5 Qd6+ 85. Kh3 Qe6 86. Rbb5 e3 87. Rbe5 Qg6 88. Rg5 exf2 89. Re7+ Kb8
90. Rxg6 f1=Q+ 91. Kxh4 Qf2+ 92. Kg5 Qg3+ 93. Kf6 Qf4+ 94. Kg7 Kc8 95. Rf7 Qe5+
96. Kg8 Qd5 97. Rh6 Qg5+ 98. Kh7 Qd5 99. Rg7 Qf5+ 100. Kh8 Qe5 101. Rhg6 Qh5+
102. Kg8 Qd5+ 103. Rf7 Kd8 104. Kg7 Ke8 105. Rff6 Ke7 106. Ra6 Qe5+ 107. Kg8
Qd5+ 108. Kh8 Qh5+ 109. Kg7 Qe5+ 1/2-1/2

[Event "Gibtelecom Masters 2nd"]
[Site "Gibraltar"]
[Date "2004.01.31"]
[Round "5.14"]
[White "Wippermann, Till"]
[Black "Del Rio de Angelis, Salvador Gabriel"]
[Result "1-0"]
[WhiteElo "2353"]
[BlackElo "2504"]
[PlyCount "93"]
[EventDate "2004.01.27"]
[EventType "swiss"]
[EventRounds "10"]
[EventCountry "GGB"]
[SourceTitle "BritBase"]
[Source "www.saund.co.uk"]
[SourceDate "2018.02.10"]
[SourceVersion "1"]
[SourceVersionDate "2018.02.10"]
[SourceQuality "1"]

1. e4 e5 2. Nf3 d6 3. d4 Nf6 4. dxe5 Nxe4 5. Bc4 c6 6. exd6 Nxd6 7. Bd3 Be7 8.
O-O O-O 9. Bf4 Nb5 10. c4 Nc7 11. Qc2 h6 12. Rd1 Bd7 13. Nc3 Qc8 14. Ne4 Bg4
15. Nd6 Bxd6 16. Bxd6 Bxf3 17. gxf3 Re8 18. Bh7+ Kh8 19. Bf5 Ne6 20. Qc3 c5 21.
Kh1 Qc6 22. Be5 Nd4 23. Bxd4 cxd4 24. Rxd4 Qf6 25. Re4 Nc6 26. Qxf6 gxf6 27.
Rh4 Rg8 28. Rxh6+ Kg7 29. Rh7+ Kf8 30. Be4 Rd8 31. Bd5 Rd7 32. a3 Ne5 33. Rd1
Rg6 34. b3 Kg8 35. Rh4 Kg7 36. Rh3 a5 37. Rg3 b6 38. Kg2 Rd6 39. f4 Nd7 40. f5
Rxg3+ 41. fxg3 Ne5 42. Bf3 Rxd1 43. Bxd1 a4 44. h4 axb3 45. Bxb3 Kf8 46. Kf2
Ke7 47. Ke3 1-0

[Event "Gibtelecom Masters 2nd"]
[Site "Gibraltar"]
[Date "2004.01.31"]
[Round "5.15"]
[White "Bellon Lopez, Juan Manuel"]
[Black "Davies, Nigel"]
[Result "1/2-1/2"]
[WhiteElo "2429"]
[BlackElo "2502"]
[PlyCount "44"]
[EventDate "2004.01.27"]
[EventType "swiss"]
[EventRounds "10"]
[EventCountry "GGB"]
[SourceTitle "BritBase"]
[Source "www.saund.co.uk"]
[SourceDate "2018.02.10"]
[SourceVersion "1"]
[SourceVersionDate "2018.02.10"]
[SourceQuality "1"]

1. d4 e6 2. Nf3 Nf6 3. Bg5 c5 4. e3 d5 5. Nbd2 Nbd7 6. c3 Be7 7. Bd3 b6 8. Qa4
O-O 9. Ne5 Qc7 10. f4 Nxe5 11. fxe5 Ne4 12. Bxe7 Qxe7 13. Bxe4 dxe4 14. O-O Bb7
15. Rf4 cxd4 16. cxd4 f5 17. exf6 Rxf6 18. Raf1 Rxf4 19. Rxf4 Qc7 20. Qd1 Rc8
21. Qg4 Bd5 22. Rf2 Qc1+ 1/2-1/2

[Event "Gibtelecom Masters 2nd"]
[Site "Gibraltar"]
[Date "2004.01.31"]
[Round "5.16"]
[White "Emms, John"]
[Black "Howell, David"]
[Result "1/2-1/2"]
[WhiteElo "2501"]
[BlackElo "2304"]
[PlyCount "67"]
[EventDate "2004.01.27"]
[EventType "swiss"]
[EventRounds "10"]
[EventCountry "GGB"]
[SourceTitle "BritBase"]
[Source "www.saund.co.uk"]
[SourceDate "2018.02.10"]
[SourceVersion "1"]
[SourceVersionDate "2018.02.10"]
[SourceQuality "1"]

1. e4 e5 2. Nf3 Nc6 3. Bb5 Nf6 4. O-O Nxe4 5. d4 Nd6 6. Bxc6 dxc6 7. dxe5 Nf5
8. Qxd8+ Kxd8 9. Nc3 Bd7 10. b3 Kc8 11. Bb2 a5 12. h3 h5 13. a4 Be7 14. Rfd1 b6
15. Ne2 Be6 16. Nfd4 Nxd4 17. Nxd4 Bd7 18. Re1 c5 19. e6 cxd4 20. exd7+ Kxd7
21. Bxd4 Rhg8 22. Rad1 Bd6 23. Re3 Kc6 24. Kf1 g6 25. Ke2 Rge8 26. g4 hxg4 27.
hxg4 Rxe3+ 28. Kxe3 Re8+ 29. Kf3 Be5 30. Re1 Kd5 31. Bb2 Re6 32. c4+ Kd6 33.
Ba3+ Kc6 34. Rd1 1/2-1/2

[Event "Gibtelecom Masters 2nd"]
[Site "Gibraltar"]
[Date "2004.01.31"]
[Round "5.17"]
[White "Wells, Peter K"]
[Black "Meenakshi, Subbaraman"]
[Result "1-0"]
[WhiteElo "2493"]
[BlackElo "2328"]
[PlyCount "115"]
[EventDate "2004.01.27"]
[EventType "swiss"]
[EventRounds "10"]
[EventCountry "GGB"]
[SourceTitle "BritBase"]
[Source "www.saund.co.uk"]
[SourceDate "2018.02.10"]
[SourceVersion "1"]
[SourceVersionDate "2018.02.10"]
[SourceQuality "1"]

1. c4 Nf6 2. Nc3 c5 3. Nf3 Nc6 4. d4 cxd4 5. Nxd4 d6 6. g3 g6 7. Bg2 Bd7 8. b3
Bg7 9. Bb2 O-O 10. O-O Qc8 11. Re1 Rb8 12. Rc1 Nxd4 13. Qxd4 Qc5 14. Nd5 Rfe8
15. Qxc5 dxc5 16. Be5 Rbc8 17. Nc7 Ng4 18. Bxg7 Rxc7 19. Bb2 f6 20. Rcd1 Kf7
21. h3 Ne5 22. Rd5 Be6 23. Bxe5 fxe5 24. Rxe5 Kf6 25. Re3 Rd8 26. Rf3+ Kg7 27.
Rd3 Rxd3 28. exd3 Kf6 29. f4 Rd7 30. Bf1 Bf5 31. Re3 Rd4 32. Kf2 h5 33. Kf3 Bd7
34. Re5 b6 35. g4 Bc6+ 36. Ke3 hxg4 37. hxg4 Bd7 38. g5+ Kf7 39. b4 Rd6 40.
bxc5 bxc5 41. Rxc5 Re6+ 42. Kd4 Ra6 43. Bg2 Bf5 44. Bd5+ Ke8 45. a4 e6 46. Rc6
Rxa4 47. Bxe6 Bxe6 48. Rxe6+ Kf7 49. Rf6+ Kg7 50. Rc6 a5 51. Rc7+ Kf8 52. Ra7
Ra1 53. c5 Ke8 54. Kd5 a4 55. c6 a3 56. Ra8+ Ke7 57. c7 Rc1 58. c8=Q 1-0

[Event "Gibtelecom Masters 2nd"]
[Site "Gibraltar"]
[Date "2004.01.31"]
[Round "5.19"]
[White "Muir, Andrew J"]
[Black "Epishin, Vladimir"]
[Result "0-1"]
[WhiteElo "2303"]
[BlackElo "2633"]
[PlyCount "74"]
[EventDate "2004.01.27"]
[EventType "swiss"]
[EventRounds "10"]
[EventCountry "GGB"]
[SourceTitle "BritBase"]
[Source "www.saund.co.uk"]
[SourceDate "2018.02.10"]
[SourceVersion "1"]
[SourceVersionDate "2018.02.10"]
[SourceQuality "1"]

1. d4 Nf6 2. c4 c5 3. d5 e6 4. Nc3 exd5 5. cxd5 Bd6 6. e4 O-O 7. Be2 Be5 8. Bg5
Re8 9. Qc2 h6 10. Bxf6 Bxf6 11. Nf3 d6 12. O-O Bg4 13. Rfe1 Bxf3 14. Bxf3 Nd7
15. Be2 a6 16. a4 Qa5 17. f4 c4 18. Kh1 Qb4 19. Rab1 b5 20. axb5 axb5 21. Bf3
Rab8 22. Na2 Qa4 23. b3 cxb3 24. Qxb3 Nc5 25. Qxa4 bxa4 26. e5 dxe5 27. fxe5
Bxe5 28. g3 Rb3 29. Rxb3 axb3 30. Nb4 Kf8 31. Nc6 Bc3 32. Rb1 b2 33. Bd1 Re1+
34. Kg2 Ne4 35. Bc2 Re2+ 36. Kf3 Rxc2 37. Kxe4 Rc1 0-1